10 Smallest Countries- Sudden Death - Statistics

General Stats
  • This quiz has been taken 152 times
  • The average score is 4 of 10
Answers on the Grid
Answers color-coded by a green-red scale on the quiz's grid according to % correct below.
Vatican City
Monaco
Nauru
Tuvalu
San Marino
Liechtenstein
Marshall Islands
St. Kitts and Nevis
Maldives
Malta
Grenada
Palau
St. Vincent and the
Grenadines
Barbados
Antigua and
Barbuda
Seychelles
Andorra
St. Lucia
Tonga
Micronesia
 
Answer Stats
Answer % Correct
Vatican City
78%
Monaco
61%
San Marino
61%
Tuvalu
37%
Nauru
33%
Liechtenstein
30%
Malta
20%
Marshall Islands
15%
Maldives
13%
St. Kitts and Nevis
13%
No matching quizzes found
Score Distribution
Percent of People with Each Score
Percentile by Number Answered
Your Score History
You have not taken this quiz